|
|
|
|
| LEADER |
00000nab a2200000 a 4500 |
| 001 |
vtls008417958 |
| 003 |
SK-MaSNL |
| 005 |
20260303070035.0 |
| 008 |
051212c20051212xo drz 0 0slo |
| 038 |
|
|
|a KEVKJB
|
| 040 |
|
|
|a KEVKJB
|b slo
|c KEVKJB
|e AACR2
|
| 041 |
0 |
|
|a slo
|
| 044 |
|
|
|a xo
|c SK
|
| 080 |
|
|
|a 669.1
|2 UDC-MRF-SK2
|
| 245 |
0 |
0 |
|a Oceliari nadeľovali Štedré vločky
|c [autor] (las)
|
| 300 |
|
|
|b Fotogr.
|
| 610 |
2 |
7 |
|a U. S. Steel (Košice, Slovensko)
|2 kevkjb
|9 656260
|
| 611 |
2 |
7 |
|a Štedré vločky
|g hudobný koncert
|d 2005
|c Košice, Slovensko
|2 kevkjb
|9 1066952
|
| 650 |
0 |
7 |
|a finančné dary
|2 kevkjb
|9 71232
|
| 650 |
0 |
7 |
|a knižnice
|2 kevkjb
|9 17965
|
| 651 |
|
7 |
|a Košice (Slovensko)
|2 kevkjb
|9 18694
|
| 773 |
0 |
|
|t Košický denník Korzár
|g Roč. VIII, č. 286 (12.12.2005), s. 3
|x 1335-4566
|
| 852 |
|
|
|a KEVKJB
|b KIS3GCP
|
| 999 |
|
|
|c 1753670
|d 1755600
|